Statistiques concernant Poissons d'aquarium d'eau douce les plus populaires

Cliquez ici pour prendre le quiz!

Statistiques générales

  • Ce quiz a été pris 26 fois
  • Le résultat moyen est 5 sur 12

Statistiques - réponses

Réponse% Correct
Poisson Combattant (Betta splendens)
100%
Guppy (Poecilia reticulata)
81%
Poisson Rouge (Carassius auratus)
76%
Néon Bleu (Paracheirodon innesi)
62%
Corydoras
52%
Discus (Symphysodon aequifasciatus)
48%
Pleco (Hypostomus plecostomus)
43%
Platy (Xiphophorus maculatus)
38%
Gourami (Trichopodus trichopterus)
33%
Arowana (Osteoglossum bicirrhosum)
14%
Barbu de Sumatra (Puntius tetrazona)
0%
Vairon de Chine (Tanichthys albonubes)
0%

Distribution des résultats

Percentile par nombre de réponses

% des personnes avec chaque résultat

Votre développement - résultats

Vous n’avez pas pris ce quiz